Top 20 des races de chiens préférées en France - Statistiques

Statistiques générales
  • Ce quiz a été pris 1 061 fois
  • Le résultat moyen est 6 sur 20
Statistiques - réponses
Top 20 Races % Correct
5 Berger allemand
88%
6 Labrador
82%
1 Berger australien
77%
2 Golden retriever
64%
16 Chihuahua
59%
17 Teckel
44%
13 Bouledogue français
37%
11 Beagle
33%
7 Cavalier king charles
26%
12 Epagneul breton
22%
18 Husky de Sibérie
8%
10 Setter anglais
6%
20 Shih tzu
4%
3 Staffordshire bull terrier
3%
14 Berger américain miniature
2%
19 Spitz allemand
2%
15 Chien de cour italien
1%
8 Cocker spaniel anglais
1%
4 Chien de berger belge
0%
9 Staffordshire terrier américain
0%
Aucun quiz correspondant
Distribution des résultats
% des personnes avec chaque résultat
Percentile par nombre de réponses
Votre historique - résultats
Vous n’avez pas pris ce quiz